Zwycięzcy i finaliści Pucharu Polski - Statystyki

Ogólne statystyki
  • Ten quiz został rozwiązany 31 razy
  • Średni wynik to 26 z 36
Statystyki odpowiedzi
Odpowiedź % Poprawnych
Arka Gdynia
100%
Jagiellonia Białystok
100%
Legia Warszawa
100%
Pogoń Szczecin
100%
Wisła Kraków
100%
Lechia Gdańsk
97%
Lech Poznań
97%
Cracovia
94%
Górnik Zabrze
94%
Raków Częstochowa
94%
GKS Katowice
90%
Polonia Warszawa
90%
Ruch Chorzów
90%
Śląsk Wrocław
90%
ŁKS Łódź
87%
Zagłębie Lubin
87%
Zawisza Bydgoszcz
87%
Korona Kielce
84%
Widzew Łódź
84%
Wisła Płock
81%
Piast Gliwice
77%
Stal Mielec
77%
Amica Wronki
74%
Stal Rzeszów
74%
Zagłębie Sosnowiec
74%
Polonia Bytom
71%
Miedź Legnica
68%
GKS Bełchatów
61%
Dyskobolia Grodzisk Wielkopolski
58%
Gwardia Warszawa
52%
Aluminium Konin
26%
Czarni Żagań
13%
ROW II Rybnik
10%
Ruch II Chorzów
10%
Legia II Warszawa
3%
Sparta Lwów
3%
Nie znaleziono quizów pasujących do podanych kryteriów
Rozkład punktacji
Procent ludzi z każdym wynikiem
Percentyl według liczby udzielonych odpowiedzi
Twoja historia wyników
Nie rozwiązałeś tego quizu